Представление документа в формате RUSMARC

ПолеНазваниеЗначение
  Тип записи c
  Библиографический уровень m
001 Контрольный номер RU/УОНБ/EK_N/322862581
005 Дата корректировки 20250520122106.7
010 Индекс ISBN __
9 Тираж 2000 экз.
013 Номер (ISMN) __
d Цена 71.31
071 Издательские номер (звукозапись и ноты) 20
a Номер, присвоенный агентством 14117
100 Данные общей обработки __
a Данные общей обработки 20100310d1999 u u0rusy0103 ba
101 Язык документа 0_
a Язык текста rus
200 Заглавие и сведения об ответственности 1_
a Заглавие Хрестоматия аккордеониста
e Сведения, относящиеся к заглавию 3-4 кл. ДМШ
f Первые сведения об ответственности Сост. и исполн. ред. Л.В. Гаврилов
210 Выходные данные 1_
a Место издания Москва
c Издательство Музыка
d Дата издания 1999
215 Физическое описание __
a Объем 72 с.
d Формат 29 см
686 Индексы других классификаций __
a Классификационный индекс 85.954.793
2 Код системы rubbk
702 Вторичная интеллектуальная ответственность _1
a Фамилия Гаврилов
b Имя (инициалы) Л.В.
g Полное личное имя Леонид Васильевич
4 Код отношения сост. и исполн. ред.
801 Источник записи _0
a Страна RU
b Организация Ульяновская государственная областная научная библиотека им.В.И.Ленина
c Дата составления 20100310
g Правила каталогизации PSBO
801 Источник записи _1
a Страна RU
b Организация Ульяновская государственная областная научная библиотека им.В.И.Ленина
c Дата составления 20100310
901 Тип документа __
t Тип документа m
938 Служебная информация __
a Имя БД noti
b Имя библиотеки УОНБ
c Имя АИБС МАРК-SQL
d Номер DOC_ID в БД 4303